Producción bovina para carne /

Guardado en:
Autor Principal: Ensminger, M E
Formato: Libro
Publicado: Buenos Aires : El Ateneo, 1975
Edición:2a. ed.
Etiquetas: Agregar Etiqueta
Sin Etiquetas, Sea el primero en etiquetar este registro!
LEADER 01514nam a22001815a 4500
001 CEM.cems015829
008 130507s1975##################000#0#####d
005 20210823200944.0
003 CEMS
245 1 0 |a Producción bovina para carne /  |c M. E. Ensminger, 
250 |a 2a. ed. 
260 |a Buenos Aires :  |b El Ateneo,  |c 1975 
300 |a 595 p. 
505 0 |a Historia y desarrollo de la industria del ganado bovino para carne -- Distribución, adaptación y futuro de la industria del ganado vacuno -- Tipos y razas de bovinos para carne y doble propósito -- composición del rebaño. Cómo seleccionar y juzgar a los bovinos para carne -- Algunos principios de genética de los bovinos -- Fisiología de la reproducción en los bovinos -- Esterilidad y fallas en la preñez en el ganado bovino para carne -- Alimentación del ganado vacuno para carne -- Manejo del ganado vacuno para carne -- Manejo del ganado vacuno en la pradera -- Construcciones y equipos para el ganado vacuno para carne -- Sanidad de los bovinos para carne, prevención de enfermedades y control parasitario -- Métodos utilizados para la producción de carne vacuna -- Aspectos comerciales de la producción de carne vacuna -- Comercialización y faena de bovinos adultos y terneros -- Carne de vaca y de ternera y subproductos de la faena -- Selección, preparación y exhibición de bovinos para carne 
020 |a . 
100 1 |a Ensminger, M E 
082 0 4 |a 636.21 
859 |a CEMS  |b BIB. CEMS - Agricultura  |h 636.21  |i En78-1a2  |p A7173.79  |t Ej.1  |v 1  |3 Vol. 1